Klasifikace goodwillu s ohledem na jeho účetní vykazování

Za hlavné hľadisko pre klasifikáciu goodwillu s ohľadom na jeho účtovné vykazovanie je potrebné považovať členenie na prvotný goodwill a druhotný goodwill. Definície. Členenie prvotného a druhotného goodwillu. Obecné prístupy k vykazovaniu goodwillu.

Salvato in:
Dettagli Bibliografici
Autore principale: Zelenka, Vladimír
Natura: Capitolo di libro
Lingua:ceco
Soggetti:
Tags: Aggiungi Tag
Nessun Tag, puoi essere il primo ad aggiungerne!!

MARC

LEADER 00000naa$a2200000$$$4500
001 0049815
005 20221129074043.7
041 0 |a cze 
044 |a CZ 
245 1 0 |a Klasifikace goodwillu s ohledem na jeho účetní vykazování  |c Vladimír Zelenka 
520 |a Za hlavné hľadisko pre klasifikáciu goodwillu s ohľadom na jeho účtovné vykazovanie je potrebné považovať členenie na prvotný goodwill a druhotný goodwill. Definície. Členenie prvotného a druhotného goodwillu. Obecné prístupy k vykazovaniu goodwillu. 
610 2 0 |a goodwill 
610 2 0 |a klasifikácia 
610 2 0 |a výkazníctvo účtovné 
100 1 |a Zelenka, Vladimír